Uruk Terrakotten :von der Ubaid bis zur altbabylonischen zeit

محفوظ في:

المؤلف الرئيسي: Wrede ,Najda

التنسيق: كتاب

اللغة: Undetermined

منشور في: Mainz am Rhein 2003

الموضوعات:

الوسوم: إضافة وسم

لا توجد وسوم, كن أول من يضع وسما على هذه التسجيلة!

رقم الطلب: F DS70.5 E65 A97

LEADER 00609nam a2200169Ia 4500
008 230909s9999||||xx |||||||||||||| ||und||
050 4 |a F DS70.5 E65 A97 
100 1 |a Wrede ,Najda  
245 1 0 |a Uruk Terrakotten :von der Ubaid bis zur altbabylonischen zeit  
264 1 |a Mainz am Rhein   |c 2003  
300 |a 400 P  |c 36CM  
504 |a Includes biliographical  
650 4 |a Erech Antiquities  
650 4 |a Terra cotta scupture  
942 |2 lcc  |c BK 
952 |0 0  |1 0  |2 lcc  |4 0  |6 F DS00070.00005 E00065 A00097  |7 1  |9 50008  |a ARCE  |b ARCE  |d 2023-09-09  |l 0  |o F DS70.5 E65 A97  |r 2023-09-09 00:00:00  |w 2023-09-09  |y BK 
999 |c 54631  |d 54631